موسوعة رد العلماء علي الملاحدة والجهلاء / (رقم التسجيلة. 39343)

تفاصيل مارك
000 -الفاتح
حقل البيانات ثابتة الطول 00934nam a22002417a 4500
003 - محدد رقم الضبط
رقم الضبط OSt
005 - وقت وتاريخ اخر تعامل مع التسجيلة
رقم الضبط 20160509133831.0
008 - عناصر البيانات ثابتة الطول - معلومات عامة
حقل البيانات ثابتة الطول 160509s2015 ua ||||f b||| 00| 0 ara d
020 ## - الرقم الدولى المعيارى للكتب
الرقم الدولى المعيارى للكتاب 978977103154
020 ## - الرقم الدولى المعيارى للكتب
الرقم الدولى المعيارى للكتاب 9789773724774
040 ## - مصدر الفهرسة
وكالة الفهرسة الأصلية Ma-Un
لغة الفهرسة ara
وكالة النسخ Dar Arab
082 04 - رقم تصنيف ديوى العشرى
رقم التصنيف 216.4
رقم المادة ز م م
رقم الطبعة 21
100 1# - المدخل الرئيسى - إسم شخصى
الإسم الشخصى الزغبي، محمد عبد الملك
9 (RLIN) 54839
245 10 - بيان العنوان
العنوان موسوعة رد العلماء علي الملاحدة والجهلاء /
بيان المسئوليه,etc تأليف محمد بن عبد الملك الزغبي.
250 ## - بيان الطبعة
بيان الطبعة ط. 1.
260 ## - PUBLICATION, DISTRIBUTION, ETC. (IMPRINT)
مكان الناشر او الموزع القاهرة :
اسم الناشر او الموزع دار الغد الجديد،
تاريخ النشر أو التوزيع 2015.
300 ## - الوصف المادى
التعداد 576 ص. ؛
أبعاد الوعاء 24 سم.
504 ## - تبصرة ببليوجرافية
تبصرة ببليوجرافية,الخ يشتمل علي إرجاعات ببليوجرافية.
650 #4 - المدخل الاضافى بالموضوع-مصطلح موضوعى
مصطلح موضوعي أو اسم جغرافي كعنصر مدخل الإسلام
التقسيم الفرعي العام دفع مطاعن
9 (RLIN) 55196
650 #4 - المدخل الاضافى بالموضوع-مصطلح موضوعى
مصطلح موضوعي أو اسم جغرافي كعنصر مدخل الشريعة الإسلامية
التقسيم الفرعي العام دفع مطاعن
9 (RLIN) 55195
650 #4 - المدخل الاضافى بالموضوع-مصطلح موضوعى
مصطلح موضوعي أو اسم جغرافي كعنصر مدخل الإسلام والإلحاد والملحدون
9 (RLIN) 48705
942 ## - عناصر المدخل الإضافي( كوها)
Koha [default] item type كتاب
المقتنيات
حالة الفقد نموذج السعر الفعال حالة تلف ليس للاعارة رقم الطلب رقم النسخة تاريخ الاكتساب الموقع الحالي الباركود الفرع الرئيسي Date last seen نوع المادة فى نظام كوها مصدر التصنيف او خطة الترفيف Total Checkouts
  2016-05-09   Not For Loan 216.4 ز م م 1 2016-05-09 المكتبة المركزية بالمجمعة (CL) 00224633 المكتبة المركزية بالمجمعة (CL) 2016-05-09 كتاب Dewey Decimal Classification  
  2016-05-09     216.4 ز م م 2 2016-05-09 المكتبة المركزية بالمجمعة (CL) 00224634 المكتبة المركزية بالمجمعة (CL) 2016-05-09 كتاب Dewey Decimal Classification  
  2016-05-09     216.4 ز م م 3 2016-05-09 المكتبة المركزية بالمجمعة (CL) 00224635 المكتبة المركزية بالمجمعة (CL) 2016-05-09 كتاب Dewey Decimal Classification  
  2016-05-09   Not For Loan 216.4 ز م م 1 2016-05-09 قسم الاجراءات الفنية (IC) 00224640 قسم الاجراءات الفنية (IC) 2016-05-09 كتاب Dewey Decimal Classification  
  2016-05-09     216.4 ز م م 2 2016-05-09 قسم الاجراءات الفنية (IC) 00224641 قسم الاجراءات الفنية (IC) 2016-05-09 كتاب Dewey Decimal Classification  
  2016-05-09   Not For Loan 216.4 ز م م 1 2016-05-09 قسم الاجراءات الفنية (IC) 00224642 قسم الاجراءات الفنية (IC) 2016-05-09 كتاب Dewey Decimal Classification  
  2016-05-09     216.4 ز م م 2 2016-05-09 قسم الاجراءات الفنية (IC) 00224643 قسم الاجراءات الفنية (IC) 2016-05-09 كتاب Dewey Decimal Classification  
  2016-05-09   Not For Loan 216.4 ز م م 1 2016-05-09 كلية الشريعة والقانون - طلاب 00224648 كلية الشريعة والقانون - طلاب 2016-05-09 كتاب Dewey Decimal Classification  
  2016-05-09     216.4 ز م م 2 2016-05-09 كلية الشريعة والقانون - طلاب 00224649 كلية الشريعة والقانون - طلاب 2016-05-09 كتاب Dewey Decimal Classification  
  2016-05-09   Not For Loan 216.4 ز م م 1 2016-05-09 مكتبة كلية التربية بالزلفى - طالبات (EZF) 00224636 مكتبة كلية التربية بالزلفى - طالبات (EZF) 2016-05-09 كتاب Dewey Decimal Classification  
  2016-05-09     216.4 ز م م 2 2016-05-09 مكتبة كلية التربية بالزلفى - طالبات (EZF) 00224637 مكتبة كلية التربية بالزلفى - طالبات (EZF) 2016-05-09 كتاب Dewey Decimal Classification  
  2016-05-09   Not For Loan 216.4 ز م م 1 2016-05-09 مكتبة كلية العلوم و الدراسات الإنسانية برماح - طالبات (SRF) 00224644 مكتبة كلية العلوم و الدراسات الإنسانية برماح - طالبات (SRF) 2016-05-09 كتاب Dewey Decimal Classification  
  2016-05-09     216.4 ز م م 2 2016-05-09 مكتبة كلية العلوم و الدراسات الإنسانية برماح - طالبات (SRF) 00224645 مكتبة كلية العلوم و الدراسات الإنسانية برماح - طالبات (SRF) 2016-05-09 كتاب Dewey Decimal Classification  
  2016-05-09   Not For Loan 216.4 ز م م 1 2016-05-09 مكتبة كلية العلوم و الدراسات الإنسانية برماح - طلاب (SRM) 00224646 مكتبة كلية العلوم و الدراسات الإنسانية برماح - طلاب (SRM) 2016-05-09 كتاب Dewey Decimal Classification  
  2016-05-09     216.4 ز م م 2 2016-05-09 مكتبة كلية العلوم و الدراسات الإنسانية برماح - طلاب (SRM) 00224647 مكتبة كلية العلوم و الدراسات الإنسانية برماح - طلاب (SRM) 2016-05-09 كتاب Dewey Decimal Classification  
  2016-05-09   Not For Loan 216.4 ز م م 1 2016-05-09 مكتبة مجمع الطالبات بالمجمعة (EMF) 00224638 مكتبة مجمع الطالبات بالمجمعة (EMF) 2016-05-09 كتاب Dewey Decimal Classification  
  2016-05-09     216.4 ز م م 2 2016-05-09 مكتبة مجمع الطالبات بالمجمعة (EMF) 00224639 مكتبة مجمع الطالبات بالمجمعة (EMF) 2016-05-09 كتاب Dewey Decimal Classification  
  2016-05-09   Not For Loan 216.4 ز م م 1 2016-05-09 مكتبة مجمع الكليات بالزلفى - طلاب (SZM) 00224650 مكتبة مجمع الكليات بالزلفى - طلاب (SZM) 2016-05-09 كتاب Dewey Decimal Classification  
  2016-05-09     216.4 ز م م 2 2016-05-09 مكتبة مجمع الكليات بالزلفى - طلاب (SZM) 00224651 مكتبة مجمع الكليات بالزلفى - طلاب (SZM) 2016-05-09 كتاب Dewey Decimal Classification